Empobrecimiento y fragmentación de la clase media argentina /

Al leer los datos oficiales más recientes, según los cuales más del 50 por ciento de la población argentina vive en la pobreza, resulta inevitable preguntarse qué ha pasado con aquella sociedad que algunas décadas atrás mostraba salarios, derechos sociales y niveles de integración social únicos en l...

Full description

Bibliographic Details
Main Author: Kessler, Gabriel 1964
Format: Analitica de revista
Language:Spanish
Published: Santiago, Chile SUR 2002
Subjects:

MARC

LEADER 00000cab a2200000 a 4500
001 037939
003 UAHC_CL
005 20171125123018.0
008 140120s2002 cl 000 spa
952 |0 0  |1 0  |4 0  |6 PROPOSICIONES_34_02_000000000000000  |7 0  |8 COMP  |9 71955  |a BC  |b BC  |c COMP  |d 2017-08-03  |l 0  |o PROPOSICIONES-34/02  |r 2017-08-03 00:00:00  |t 1  |w 2017-08-03  |y REVA 
999 |c 37939  |d 37939 
040 |a UAHC_CL  |c UAHC_CL  |d UAHC_CL 
100 1 |a Kessler, Gabriel  |d 1964 
245 1 0 |a Empobrecimiento y fragmentación de la clase media argentina /  |c Gabriel Kessler. 
260 |b SUR  |c 2002  |a Santiago, Chile 
300 |a pp. 116-130 
310 |a Anual. 
362 0 |a Año 1, no. 1 (nov. 2002)- . 
362 0 |a Año 1, no. 1 (nov. 2002)- . 
500 |a En: Proposiciones. no. 34, 2002. pp. 116-130. ISSN. 956208051X. 
520 |a Al leer los datos oficiales más recientes, según los cuales más del 50 por ciento de la población argentina vive en la pobreza, resulta inevitable preguntarse qué ha pasado con aquella sociedad que algunas décadas atrás mostraba salarios, derechos sociales y niveles de integración social únicos en la región; una sociedad que, parafraseando a Juan Carlos Torre, se caracterizaba por una "pasión por la igualdad" central en su dinámica política y social. No asistimos hoy, claro está, a una eclosión inesperada, sino al desenlace de un proceso social, político y económico de más de dos décadas en que se ha ido desmontando paulatinamente una determinada matriz social. 
650 4 |a CLASE MEDIA  |z ARGENTINA 
900 |a PROPOSICIONES-34/02 
942 |c REVA  |2 ddc